| 000 | 00415nam a2200181Ia 4500 | ||
|---|---|---|---|
| 008 | 220531s9999 xx 000 0 und d | ||
| 041 | _aeng | ||
| 082 | _bPAR | ||
| 100 |
_aParmar, P. M. _948497 |
||
| 245 | _aSocial Work And Social Welfare | ||
| 250 | _a1ST | ||
| 260 |
_bSubline _c2002 |
||
| 300 | _a359 | ||
| 542 | _d31-03-2006 | ||
| 650 |
_aSociology _948498 |
||
| 906 | _d2005-2006 | ||
| 999 |
_c28376 _d28376 |
||